000 00663nam a2200277Ia 4500
005 20260324130052.0
008 008 260324s9999 xx 000 0 eng d
020 _a9780203937785
037 _aEBOOK
040 _aCRL
040 _beng
040 _cCRL
041 _2eng
041 _aeng
084 _qCRL
100 _aVojko Strahovnik; Mark Lance; Matjaž Potrc
_91180389
245 0 _aChallenging Moral Particularism
260 _bTaylor and Francis
260 _c2008
365 _a
365 _b240
856 _uhttp://www.taylorfrancis.com/books/9780203937785
942 _cEBOOK
999 _c1776213
_d1776213